| 000 | 00357nam a2200133 4500 | ||
|---|---|---|---|
| 999 |
_c8807 _d8807 |
||
| 003 | OSt | ||
| 005 | 20210112112815.0 | ||
| 008 | 210112b ||||| |||| 00| 0 eng d | ||
| 020 | _a9780807615805 | ||
| 082 |
_a720 _bSYK |
||
| 100 | _a Sykes, Krista [Editor] | ||
| 245 | _aThe architecture reader : essential writings from Vitruvius to the present | ||
| 942 | _2ddc | ||